000
00462nam a2200145Ia 4500
008
100204s9999 xx 000 0 und d
082
_b
13800
100
_a
अत्रे प्रभाकर
245
_a
काश्मिरी शाल
260
_b
"पराग प्रकाशन , मुंबई"
_c
1979
300
_a
200
630
_a
काश्मिरी शाल
730
_a
काश्मिरी शाल
942
_c
BOOK
999
_c
458232
_d
458229